000 00218 a2200097 4500
001 770
100 _aKiver,M.S
245 _aCircuits and components, introduction to uhf
260 _a
_bNostrand
_c
090 _c364
_d364
942 _aNUST-CAE
_cM
_c29335
999 _c235843
_d235843